1710 1905 1078 1831 1845 1998 1510 1154 1602 1853 1933 1610 1107 1220 1511 1104 1207 1929 1525 1687 1904 1782 1279 1167 1041 1461 1682 1502 1271 1200 1600 1003 1313 1091 1690 1208 1464 1006 1926 1625 1193 1941 1156 1665 1165 1210 1169 1572 1145 1320 1443 1428 1518 1651 1609 1410 1361 1678 1793 1946 1207 1724 1370 1859 1961 1350 1707 1311 1212 1667 1237 1623 1427 1116 1643 1178 1218 1227 1198 1103 1263 1563 1231 1194 1836 1265 1938 1671 1188 1585 1850 1682 1665 1656 1994 1021 1212 1227 1458 BCNSPRNW ULIB Ver.6.0+V

เปลี่ยนเป็นภาษาไทย

Change to English
 แสดงรายละเอียดบรรณานุกรม
  กลับหน้าหลัก

Brief Record : Get Marc (ISO 2709) : E-mail record : QR code < ปิดหน้าต่าง
LEADER : 00000nam 2200000uu 4500
001    13399120226
003     ULIB
008    020711sn.d. th a 000 0 eng d
020    9996073645
050    QS4^bP322A
100    Kevin T. Patton
245    ANATOMY & PHYSIOLOGY/^cKevin T. Patton
260     ^bn.p.,^cn.d.
945    ^p0^l0^i17701
999    ^aทศพร เกษรทอง
รายการนี้ยังไม่มีแท็ก
คุณยังไม่ได้ล็อกอิน คุณสามารถมีกิจกรรมร่วมกับเว็บไซต์ได้ แต่ต้องล็อกอินก่อน ::
  ล็อกอิน

รายการสื่อสารสนเทศ

ลำดับที่ ประเภท เลขเรียก/บาร์โค้ด สถานที่ สถานะ
1. วิทยาศาสตร์การแพทย์ และสุขภาพ
วิทยาศาสตร์การแพทย์ และสุขภาพ
QS4 P322A  
  Barcode: 17701
ห้องสมุดวิทยาเขตสวรรค์ประชารักษ์
►หนังสือทั่วไป
บนชั้น

BibComment


ยังไม่เคยถูกคอมเมนท์

คอมเมนท์ทรัพยากรรายการนี้
  คอมเมนท์: ANATOMY PHYSIOLO..


 Copyright 2026. Bcnsprnw @Library